[Event "European Seniors Teams Ch."]
[Site "Olympus"]
[Date "2011.05.10"]
[Round "8"]
[Board "3"]
[White "Hohler, Peter"]
[Black "Theting, Helge E"]
[Result "1/2-1/2"]
[WhiteElo "2157"]
[BlackElo "2029"]
[PlyCount "67"]
[EventDate "2011.05.03"]
[EventType "team"]
[EventRounds "9"]
[EventCountry "GRE"]
[WhiteTeam "Switzerland"]
[BlackTeam "Norway 1"]

1.d4 g6 2.e4 Bg7 3.Nc3 c5 4.d5 d6 5.Bb5+ Nd7 6.a4 a6 7.Be2 Ngf6 8.f4 Qa5 9.Bd2
Qc7 10.Nf3 O-O 11.O-O e6 12.dxe6 fxe6 13.Ng5 Re8 14.f5 Ne5 15.Nxe6 Bxe6 16.fxe6
Rxe6 17.Bg5 c4 18.Kh1 Rf8 19.Nd5 Qd7 20.Bxf6 Bxf6 21.Bg4 Nxg4 22.Qxg4 Bg7
23.Rxf8+ Kxf8 24.Rf1+ Kg8 25.h3 h5 26.Qg5 Kh7 27.Nf6+ Bxf6 28.Rxf6 Rxf6 29.Qxf6
Qxa4 30.Qf7+ Kh6 31.Qf8+ Kh7 32.Qf7+ Kh6 33.Qf8+ Kh7 34.Qf7+ 1/2-1/2

[Event "European Seniors Teams Ch."]
[Site "Olympus"]
[Date "2011.05.10"]
[Round "8"]
[Board "4"]
[White "Strand, Oyvin"]
[Black "Illi, Hans-Joerg"]
[Result "1/2-1/2"]
[WhiteElo "1972"]
[BlackElo "2141"]
[PlyCount "80"]
[EventDate "2011.05.03"]
[EventType "team"]
[EventRounds "9"]
[EventCountry "GRE"]
[WhiteTeam "Norway 1"]
[BlackTeam "Switzerland"]

1.d4 Nf6 2.e3 d5 3.Bd3 c6 4.Nf3 Bg4 5.b3 Ne4 6.Bb2 f5 7.Nbd2 e6 8.Qc1 Bxf3
9.gxf3 Nxd2 10.Qxd2 Bd6 11.h4 Nd7 12.c4 b6 13.f4 Qe7 14.h5 O-O-O 15.cxd5 cxd5
16.Ba6+ Kb8 17.a4 Ka8 18.Rc1 Nb8 19.Qd3 Nxa6 20.Qxa6 Qb7 21.Qxb7+ Kxb7 22.Rg1
Rd7 23.Ke2 Rf8 24.Rg2 Rf6 25.Rcg1 Bf8 26.Kd3 Rh6 27.Rg5 Rf6 28.f3 Rff7 29.Bc3 a5
30.Bd2 Rc7 31.Rc1 Rxc1 32.Bxc1 Kc6 33.Bd2 Kd7 34.e4 Bd6 35.e5 Bf8 36.Rg1 Kd8
37.Rc1 Rc7 38.Rxc7 Kxc7 39.b4 axb4 40.Kc2 g6 {69 moves} 1/2-1/2

[Event "European Seniors Teams Ch."]
[Site "Olympus"]
[Date "2011.05.10"]
[Round "8"]
[Board "1"]
[White "Titz, Heimo"]
[Black "Morant, Paul"]
[Result "1/2-1/2"]
[WhiteElo "2183"]
[BlackElo "2184"]
[PlyCount "81"]
[EventDate "2011.05.03"]
[EventType "team"]
[EventRounds "9"]
[EventCountry "GRE"]
[WhiteTeam "Niederoesterreich"]
[BlackTeam "Finland 2"]

1.c4 e6 2.d4 f5 3.Nf3 Nf6 4.g3 d5 5.Bg2 c6 6.Nbd2 Bd6 7.O-O O-O 8.b3 Ne4 9.Bb2
Nd7 10.Ne5 Bxe5 11.dxe5 Qb6 12.Rc1 Qa5 13.Nxe4 dxe4 14.a3 Rd8 15.Qe1 Qb6 16.b4
Nf8 17.Rd1 Bd7 18.Rd6 a5 19.Bd4 Qc7 20.Qc3 axb4 21.axb4 Ra2 22.Qe3 Rda8 23.Bb6
Qc8 24.Rd2 Rxd2 25.Qxd2 Be8 26.Rd1 Nd7 27.Bd4 Ra4 28.Bc3 Nb6 29.f3 exf3 30.Bxf3
Nxc4 31.Qd4 b5 32.e4 fxe4 33.Bxe4 Ra8 34.Qc5 Bd7 35.Qe7 Nb6 36.Bd4 Nd5 37.Qd6
Qe8 38.Bc5 Rd8 39.Rf1 Bc8 40.Qb8 Bd7 41.Qd6 1/2-1/2

[Event "European Seniors Teams Ch."]
[Site "Olympus"]
[Date "2011.05.10"]
[Round "8"]
[Board "2"]
[White "Saren, Ilkka J"]
[Black "Winiwarter, Felix"]
[Result "0-1"]
[WhiteElo "2190"]
[BlackElo "2167"]
[PlyCount "56"]
[EventDate "2011.05.03"]
[EventType "team"]
[EventRounds "9"]
[EventCountry "GRE"]
[WhiteTeam "Finland 2"]
[BlackTeam "Niederoesterreich"]

1.e4 c5 2.Nf3 Nc6 3.d4 cxd4 4.Nxd4 Nf6 5.Nc3 e5 6.Ndb5 d6 7.a4 a6 8.Na3 Bg4 9.f3
Be6 10.Be3 Rc8 11.Bc4 Nb4 12.Be2 d5 13.exd5 Nbxd5 14.Nxd5 Nxd5 15.Bf2 Qa5+
16.Kf1 Bc5 17.Nc4 Qc7 18.c3 O-O 19.Rc1 b5 20.axb5 axb5 21.Na3 Rfd8 22.Qe1 Qb6
23.Nc2 b4 24.cxb4 Nxb4 25.Nxb4 Bxf2 26.Rxc8 Rxc8 27.Qd2 Be3 28.Qe1 Rc1 0-1

[Event "European Seniors Teams Ch."]
[Site "Olympus"]
[Date "2011.05.10"]
[Round "8"]
[Board "3"]
[White "Weinwurm, Wolfgang"]
[Black "Lyly, Seppo"]
[Result "1-0"]
[WhiteElo "2190"]
[BlackElo "1966"]
[PlyCount "57"]
[EventDate "2011.05.03"]
[EventType "team"]
[EventRounds "9"]
[EventCountry "GRE"]
[WhiteTeam "Niederoesterreich"]
[BlackTeam "Finland 2"]

1.e4 e5 2.Nf3 Nc6 3.d4 exd4 4.Nxd4 Nf6 5.Nxc6 bxc6 6.e5 Qe7 7.Qe2 Nd5 8.c4 Ba6
9.b3 Nb6 10.Bb2 O-O-O 11.Nd2 Qe6 12.O-O-O g6 13.f4 h5 14.Ne4 Be7 15.Qe3 Rhe8
16.c5 Bxf1 17.cxb6 Bxg2 18.bxc7 Kxc7 19.Qxa7+ Kc8 20.Qa6+ Kb8 21.Qb6+ Kc8
22.Qa6+ Kb8 23.Rhe1 Qf5 24.Qb6+ Kc8 25.Nd6+ Bxd6 26.exd6 Qxf4+ 27.Kc2 Be4+
28.Kc3 Qf6+ 29.Kb4 1-0

[Event "European Seniors Teams Ch."]
[Site "Olympus"]
[Date "2011.05.10"]
[Round "8"]
[Board "4"]
[White "Koskinen, Veikko"]
[Black "Strobel, Ferdinand"]
[Result "1/2-1/2"]
[WhiteElo "1988"]
[BlackElo "2128"]
[PlyCount "20"]
[EventDate "2011.05.03"]
[EventType "team"]
[EventRounds "9"]
[EventCountry "GRE"]
[WhiteTeam "Finland 2"]
[BlackTeam "Niederoesterreich"]

1.Nf3 f5 2.g3 Nf6 3.Bg2 g6 4.O-O Bg7 5.d3 d6 6.c3 c6 7.Re1 e5 8.e4 O-O 9.Qb3+
Kh8 10.Ng5 Qe7 1/2-1/2

[Event "European Seniors Teams Ch."]
[Site "Olympus"]
[Date "2011.05.10"]
[Round "8"]
[Board "2"]
[White "Ashby, Anthony C"]
[Black "Gunnarsson, Gunnar K"]
[Result "1/2-1/2"]
[WhiteElo "2151"]
[BlackElo "2209"]
[PlyCount "68"]
[EventDate "2011.05.03"]
[EventType "team"]
[EventRounds "9"]
[EventCountry "GRE"]
[WhiteTeam "England 2"]
[BlackTeam "Polar Bears Iceland"]

1.e4 c5 2.Nf3 d6 3.d4 cxd4 4.Nxd4 Nf6 5.Nc3 a6 6.h3 e6 7.g4 h6 8.Bg2 Qc7 9.O-O
Nc6 10.Nxc6 bxc6 11.f4 Be7 12.Qe1 Rb8 13.b3 O-O 14.Bb2 Bb7 15.Qg3 d5 16.e5 Nd7
17.Rae1 Rbe8 18.h4 f6 19.g5 hxg5 20.hxg5 fxe5 21.fxe5 Rxf1+ 22.Bxf1 Rf8 23.Bd3
Qb6+ 24.Kh1 Qf2 25.Qxf2 Rxf2 26.Bc1 c5 27.Kg1 Rf3 28.Kg2 d4 29.Be4 Bxe4 30.Nxe4
Rf5 31.Nf6+ gxf6 32.exf6 Bxf6 33.Rxe6 Kf7 34.Rxa6 Bxg5 1/2-1/2

[Event "European Seniors Teams Ch."]
[Site "Olympus"]
[Date "2011.05.10"]
[Round "8"]
[Board "3"]
[White "Finnlaugsson, Gunnar"]
[Black "Reuben, Stewart"]
[Result "1/2-1/2"]
[WhiteElo "2075"]
[BlackElo "2140"]
[PlyCount "42"]
[EventDate "2011.05.03"]
[EventType "team"]
[EventRounds "9"]
[EventCountry "GRE"]
[WhiteTeam "Polar Bears Iceland"]
[BlackTeam "England 2"]

1.d4 Nf6 2.Nf3 e6 3.c4 d5 4.Bg5 c5 5.Bxf6 Qxf6 6.e3 dxc4 7.Bxc4 Nc6 8.Nc3 cxd4
9.exd4 Be7 10.O-O O-O 11.Ne4 Qf4 12.Qe2 Rd8 13.Rfd1 Bf6 14.Qe3 Qxe3 15.Nxf6+
gxf6 16.fxe3 b6 17.Kf2 Bb7 18.Rac1 Na5 19.Be2 Rac8 20.b4 Nc6 21.a3 Ne7 1/2-1/2

[Event "European Seniors Teams Ch."]
[Site "Olympus"]
[Date "2011.05.10"]
[Round "8"]
[Board "4"]
[White "Scholes, James E"]
[Black "Kristjansson, Sigurdur"]
[Result "1/2-1/2"]
[WhiteElo "2110"]
[BlackElo "1945"]
[PlyCount "58"]
[EventDate "2011.05.03"]
[EventType "team"]
[EventRounds "9"]
[EventCountry "GRE"]
[WhiteTeam "England 2"]
[BlackTeam "Polar Bears Iceland"]

1.c4 c5 2.Nc3 Nc6 3.g3 Nf6 4.e4 g6 5.Bg2 Bg7 6.d3 O-O 7.Nge2 d6 8.h3 Rb8 9.Bg5
h6 10.Be3 a6 11.Qd2 Kh7 12.Rc1 b5 13.b3 b4 14.Nd1 e5 15.O-O Nd4 16.f4 Nh5
17.Bxd4 cxd4 18.f5 Nf6 19.g4 Nd7 20.Rc2 Bf6 21.Ng3 Bg5 22.Qe2 Bf4 23.Rf3 Qh4
24.Qf2 Bxg3 25.Qxg3 Qxg3 26.Rxg3 g5 27.Bf1 Nc5 28.Rh2 f6 29.h4 Kg7 1/2-1/2

[Event "European Seniors Teams Ch."]
[Site "Olympus"]
[Date "2011.05.11"]
[Round "9"]
[Board "1"]
[White "Danner, Georg"]
[Black "Shvedchikov, Anatoli I"]
[Result "1/2-1/2"]
[WhiteElo "2416"]
[BlackElo "2412"]
[PlyCount "24"]
[EventDate "2011.05.03"]
[EventType "team"]
[EventRounds "9"]
[EventCountry "GRE"]
[WhiteTeam "Austria"]
[BlackTeam "Russia"]

1.d4 d5 2.Nf3 Nf6 3.c4 c6 4.e3 Bf5 5.Bd3 Bxd3 6.Qxd3 e6 7.O-O Nbd7 8.Rd1 Be7
9.Nbd2 O-O 10.e4 dxe4 11.Nxe4 Nxe4 12.Qxe4 Nf6 1/2-1/2

[Event "European Seniors Teams Ch."]
[Site "Olympus"]
[Date "2011.05.11"]
[Round "9"]
[Board "2"]
[White "Pushkov, Nikolai"]
[Black "Hoelzl, Franz"]
[Result "1/2-1/2"]
[WhiteElo "2406"]
[BlackElo "2342"]
[PlyCount "24"]
[EventDate "2011.05.03"]
[EventType "team"]
[EventRounds "9"]
[EventCountry "GRE"]
[WhiteTeam "Russia"]
[BlackTeam "Austria"]

1.Nf3 d5 2.d4 Nf6 3.c4 e6 4.Nc3 dxc4 5.e3 a6 6.Bxc4 b5 7.Bd3 Bb7 8.O-O c5 9.dxc5
Bxc5 10.Qe2 Nbd7 11.h3 O-O 12.Rd1 Qc7 1/2-1/2

[Event "European Seniors Teams Ch."]
[Site "Olympus"]
[Date "2011.05.11"]
[Round "9"]
[Board "3"]
[White "Ager, Josef"]
[Black "Mishuchkov, Nikolai M"]
[Result "1/2-1/2"]
[WhiteElo "2188"]
[BlackElo "2403"]
[PlyCount "23"]
[EventDate "2011.05.03"]
[EventType "team"]
[EventRounds "9"]
[EventCountry "GRE"]
[WhiteTeam "Austria"]
[BlackTeam "Russia"]

1.Nf3 c5 2.c4 Nc6 3.Nc3 g6 4.g3 Bg7 5.Bg2 e6 6.O-O Nge7 7.d3 O-O 8.Rb1 b6 9.a3
Bb7 10.Bd2 d5 11.Qc1 Qd7 12.Qd1 1/2-1/2

[Event "European Seniors Teams Ch."]
[Site "Olympus"]
[Date "2011.05.11"]
[Round "9"]
[Board "1"]
[White "Uhlmann, Wolfgang"]
[Black "Sorensen, Bent"]
[Result "1-0"]
[WhiteElo "2389"]
[BlackElo "2343"]
[PlyCount "61"]
[EventDate "2011.05.03"]
[EventType "team"]
[EventRounds "9"]
[EventCountry "GRE"]
[WhiteTeam "Germany"]
[BlackTeam "Denmark 1"]

1.c4 e6 2.Nc3 d5 3.d4 c6 4.e3 Nf6 5.Nf3 Nbd7 6.Qc2 Bd6 7.b3 O-O 8.Be2 b6 9.O-O
Bb7 10.Rd1 Rc8 11.e4 e5 12.Bb2 exd4 13.Nxd4 Re8 14.exd5 cxd5 15.Nf5 Bb8 16.Nb5
Nc5 17.Bf3 a6 18.Nbd4 Nce4 19.Bxe4 Nxe4 20.Nxg7 dxc4 21.Nxe8 Qxe8 22.bxc4 b5
23.Qb3 Rxc4 24.Nf5 Rc5 25.Qh3 f6 26.Qg4+ Ng5 27.Re1 Qf8 28.Ba3 Bc8 29.Bxc5 Qxc5
30.Ne7+ Qxe7 31.Qxc8+ 1-0

[Event "European Seniors Teams Ch."]
[Site "Olympus"]
[Date "2011.05.11"]
[Round "9"]
[Board "2"]
[White "Sloth, Jorn"]
[Black "Hecht, Hans-Joachim"]
[Result "1/2-1/2"]
[WhiteElo "2310"]
[BlackElo "2377"]
[PlyCount "22"]
[EventDate "2011.05.03"]
[EventType "team"]
[EventRounds "9"]
[EventCountry "GRE"]
[WhiteTeam "Denmark 1"]
[BlackTeam "Germany"]

1.d4 e6 2.c4 Nf6 3.g3 Bb4+ 4.Bd2 Qe7 5.Bg2 O-O 6.Nc3 d6 7.Nf3 c5 8.O-O Nc6 9.a3
Bxc3 10.Bxc3 e5 11.d5 Nd4 1/2-1/2

[Event "European Seniors Teams Ch."]
[Site "Olympus"]
[Date "2011.05.11"]
[Round "9"]
[Board "3"]
[White "Klundt, Klaus"]
[Black "Brinck-Claussen, Bjorn"]
[Result "1/2-1/2"]
[WhiteElo "2379"]
[BlackElo "2271"]
[PlyCount "68"]
[EventDate "2011.05.03"]
[EventType "team"]
[EventRounds "9"]
[EventCountry "GRE"]
[WhiteTeam "Germany"]
[BlackTeam "Denmark 1"]

1.e4 e5 2.Nf3 Nc6 3.Bb5 a6 4.Ba4 Nf6 5.O-O Be7 6.Re1 b5 7.Bb3 d6 8.c3 O-O 9.d4
Bg4 10.d5 Na5 11.Bc2 Qc8 12.h3 Bd7 13.Nbd2 c6 14.b4 Nb7 15.dxc6 Qxc6 16.Bb2 Nd8
17.Bb3 Ne6 18.c4 Nf4 19.Re3 Rfe8 20.Rc1 Qb7 21.c5 h6 22.Rec3 Rac8 23.cxd6 Rxc3
24.Rxc3 Bxd6 25.Re3 Bb8 26.Qa1 Ba7 27.Bxe5 Bxe3 28.fxe3 Ng6 29.Bxf6 gxf6 30.Qxf6
Be6 31.Nd4 Qe7 32.Qxe7 Rxe7 33.Nxe6 fxe6 34.Nf3 Kf7 1/2-1/2

[Event "European Seniors Teams Ch."]
[Site "Olympus"]
[Date "2011.05.11"]
[Round "9"]
[Board "4"]
[White "Jorgensen, Jorgen"]
[Black "Werner, Clemens"]
[Result "0-1"]
[WhiteElo "2221"]
[BlackElo "2344"]
[PlyCount "100"]
[EventDate "2011.05.03"]
[EventType "team"]
[EventRounds "9"]
[EventCountry "GRE"]
[WhiteTeam "Denmark 1"]
[BlackTeam "Germany"]

1.Nf3 d6 2.d4 Bg4 3.c4 Nd7 4.e3 Ngf6 5.Be2 e5 6.Nc3 c6 7.h3 Bh5 8.g4 Bg6 9.Nh4
Ne4 10.Nxg6 Nxc3 11.bxc3 hxg6 12.e4 Be7 13.Be3 Bg5 14.Qd2 Bxe3 15.Qxe3 g5
16.O-O-O Qa5 17.Kb2 f6 18.c5 exd4 19.Qxd4 Qxc5 20.Qxd6 Qxd6 21.Rxd6 Ke7 22.Rd4
Rad8 23.Kc2 Nc5 24.Rxd8 Kxd8 25.f3 Ke7 26.Kd2 b6 27.Bc4 Nd7 28.Ke3 Ne5 29.Bf1
Ng6 30.Rh2 Rd8 31.Be2 Kd6 32.Rh1 Nf4 33.Bf1 g6 34.Rh2 Ke5 35.Rd2 Rxd2 36.Kxd2 b5
37.Ke3 a6 38.a3 a5 39.Kd2 Ne6 40.Ke3 Nc5 41.Be2 Na4 42.Kd3 c5 43.Kd2 b4 44.cxb4
cxb4 45.axb4 axb4 46.Bc4 Kf4 47.Bf7 Nc5 48.Ke2 b3 49.Bxg6 b2 50.e5 fxe5 0-1

[Event "European Seniors Teams Ch."]
[Site "Olympus"]
[Date "2011.05.11"]
[Round "9"]
[Board "1"]
[White "Tatai, Stefano"]
[Black "Tseitlin, Mark D"]
[Result "1-0"]
[WhiteElo "2361"]
[BlackElo "2419"]
[PlyCount "31"]
[EventDate "2011.05.03"]
[EventType "team"]
[EventRounds "9"]
[EventCountry "GRE"]
[WhiteTeam "Italy"]
[BlackTeam "Israel 1"]

1.e4 c5 2.Nf3 d6 3.d4 cxd4 4.Nxd4 Nf6 5.Nc3 a6 6.Bg5 Nbd7 7.Bc4 Qa5 8.Qd2 e6
9.O-O-O b5 10.Bd5 exd5 11.Nc6 Qc7 12.exd5 Ne5 13.Rhe1 Kd7 14.Qf4 Nfg4 15.Nxe5+
Nxe5 16.Rxe5 1-0

[Event "European Seniors Teams Ch."]
[Site "Olympus"]
[Date "2011.05.11"]
[Round "9"]
[Board "2"]
[White "Birnboim, Nathan"]
[Black "Mariotti, Sergio"]
[Result "0-1"]
[WhiteElo "2362"]
[BlackElo "2329"]
[PlyCount "86"]
[EventDate "2011.05.03"]
[EventType "team"]
[EventRounds "9"]
[EventCountry "GRE"]
[WhiteTeam "Israel 1"]
[BlackTeam "Italy"]

1.d4 Nf6 2.c4 e6 3.g3 c5 4.Nf3 cxd4 5.Nxd4 a6 6.Bg2 Qc7 7.O-O d6 8.Nc3 Be7 9.b3
O-O 10.Bb2 Nc6 11.Rc1 Nxd4 12.Qxd4 Bd7 13.Rfd1 Rfd8 14.h3 Rab8 15.Qa7 Ne8 16.b4
b5 17.Qxc7 Nxc7 18.c5 dxc5 19.bxc5 b4 20.Ne4 Ba4 21.Rxd8+ Rxd8 22.Be5 Nd5 23.Nd6
f6 24.Nb7 fxe5 25.Nxd8 Bxd8 26.c6 Bc7 27.Rc5 Nc3 28.e3 Nxa2 29.Bf1 Kf7 30.Bc4 b3
31.Bd3 Nb4 32.Bb1 h6 33.Rc1 Ke7 34.Be4 a5 35.Rb1 Kd6 36.Kf1 Bb5+ 37.Ke1 a4
38.Kd2 Bxc6 39.Bxc6 Kxc6 40.Kc3 Kb5 41.Rd1 Nd5+ 42.Kb2 Kb4 43.Rd3 Bb6 0-1

[Event "European Seniors Teams Ch."]
[Site "Olympus"]
[Date "2011.05.11"]
[Round "9"]
[Board "3"]
[White "Micheli, Carlo"]
[Black "Maryasin, Boris"]
[Result "0-1"]
[WhiteElo "2258"]
[BlackElo "2323"]
[PlyCount "85"]
[EventDate "2011.05.03"]
[EventType "team"]
[EventRounds "9"]
[EventCountry "GRE"]
[WhiteTeam "Italy"]
[BlackTeam "Israel 1"]

1.e4 c5 2.Nf3 e6 3.c3 Nf6 4.e5 Nd5 5.d4 cxd4 6.Qxd4 Nc6 7.Qe4 Qc7 8.g3 d6 9.exd6
Bxd6 10.Bg2 Nf6 11.Qe2 b6 12.O-O Bb7 13.Bg5 Nd7 14.Nbd2 h6 15.Be3 O-O 16.Ne4 Be7
17.c4 Nce5 18.Nfd2 f5 19.Nc3 Bxg2 20.Kxg2 Bf6 21.Rac1 Nc5 22.Bxc5 bxc5 23.Kg1
Qc6 24.f4 Ng4 25.Nf3 Bd4+ 26.Nxd4 cxd4 27.Nd1 Rad8 28.h3 d3 29.Qf3 Qc5+ 30.Kg2
d2 31.Rc2 Nf6 32.Qe3 Qc6+ 33.Qf3 Ne4 34.Nf2 Rd4 35.Rd1 Rfd8 36.b3 a5 37.Rc3 e5
38.Re3 exf4 39.gxf4 Qg6+ 40.Kf1 Nxf2 41.Qxf2 Qh5 42.Qf3 Rxf4 43.Qf2 0-1

[Event "European Seniors Teams Ch."]
[Site "Olympus"]
[Date "2011.05.11"]
[Round "9"]
[Board "4"]
[White "Kraidman, Yair"]
[Black "Rosino, Antonio"]
[Result "1-0"]
[WhiteElo "2260"]
[BlackElo "2248"]
[PlyCount "97"]
[EventDate "2011.05.03"]
[EventType "team"]
[EventRounds "9"]
[EventCountry "GRE"]
[WhiteTeam "Israel 1"]
[BlackTeam "Italy"]

1.d4 Nf6 2.c4 g6 3.Nc3 d5 4.Nf3 Bg7 5.Bf4 O-O 6.Rc1 dxc4 7.e4 Bg4 8.Be3 Nh5
9.Bxc4 Bxf3 10.gxf3 e5 11.dxe5 Bxe5 12.Qxd8 Rxd8 13.O-O Nf4 14.Ne2 Nxe2+ 15.Bxe2
c6 16.Rfd1 Nd7 17.f4 Bc7 18.b4 Bb6 19.b5 Bxe3 20.fxe3 cxb5 21.e5 Nb6 22.Bxb5
Rxd1+ 23.Rxd1 Kf8 24.Kf2 Rc8 25.Rd2 Ke7 26.Be2 Nc4 27.Rc2 b5 28.a4 a6 29.axb5
axb5 30.Ra2 Rc7 31.Ra8 f6 32.exf6+ Kxf6 33.Rb8 Rc5 34.h4 Nd6 35.Bd3 Rc3 36.Ke2
Nf5 37.Rb6+ Kg7 38.Bxf5 gxf5 39.Rxb5 Kf6 40.h5 Rc2+ 41.Kd3 Rh2 42.Rb6+ Kg7
43.Rb7+ Kh6 44.Kd4 Rxh5 45.Ke5 Kg6 46.Rb6+ Kg7 47.Re6 Kg8 48.Kf6 Kf8 49.Re5 1-0

[Event "European Seniors Teams Ch."]
[Site "Olympus"]
[Date "2011.05.11"]
[Round "9"]
[Board "1"]
[White "Ivanovic, Bozidar"]
[Black "Pritchett, Craig W"]
[Result "1-0"]
[WhiteElo "2409"]
[BlackElo "2327"]
[PlyCount "65"]
[EventDate "2011.05.03"]
[EventType "team"]
[EventRounds "9"]
[EventCountry "GRE"]
[WhiteTeam "Montenegro"]
[BlackTeam "Scotland"]

1.e4 c5 2.Nf3 e6 3.d4 cxd4 4.Nxd4 a6 5.Nc3 Nc6 6.Be2 Qc7 7.O-O b5 8.Nxc6 dxc6
9.f4 Bb7 10.Kh1 Rd8 11.Qe1 c5 12.f5 e5 13.a4 b4 14.Nd5 Bxd5 15.exd5 Qd6 16.Bf4
f6 17.Bh5+ Kd7 18.Be3 Nh6 19.c3 b3 20.Qe2 Qc7 21.Qc4 Be7 22.Bxh6 gxh6 23.Bf7 Qb6
24.Rf3 Kd6 25.Qh4 a5 26.Qxh6 Qa6 27.Re1 Qc4 28.Rfe3 Rhf8 29.Rxe5 Rxf7 30.Rxe7
Rd7 31.Rxd7+ Kxd7 32.Qe3 Kc7 33.Qe6 1-0

[Event "European Seniors Teams Ch."]
[Site "Olympus"]
[Date "2011.05.11"]
[Round "9"]
[Board "2"]
[White "Jamieson, Peter M"]
[Black "Zivkovic, Ljubo"]
[Result "1-0"]
[WhiteElo "2277"]
[BlackElo "2270"]
[PlyCount "93"]
[EventDate "2011.05.03"]
[EventType "team"]
[EventRounds "9"]
[EventCountry "GRE"]
[WhiteTeam "Scotland"]
[BlackTeam "Montenegro"]

1.d4 Nf6 2.Nf3 e6 3.c4 c5 4.g3 cxd4 5.Nxd4 d6 6.Bg2 Be7 7.O-O O-O 8.Nc3 a6 9.b3
Qc7 10.Bb2 Nc6 11.Nc2 b6 12.e4 Bb7 13.Ne3 Rad8 14.Qe2 Rfe8 15.Rac1 Qb8 16.Rfd1
Ne5 17.f4 Ng6 18.h4 Qa8 19.h5 Nf8 20.Nf1 h6 21.Re1 N8h7 22.Rcd1 b5 23.Nd2 bxc4
24.Nxc4 d5 25.Na5 d4 26.Na4 Bb4 27.Nxb7 Qxb7 28.Rf1 Qa7 29.e5 d3+ 30.Qf2 Qxf2+
31.Rxf2 Nxh5 32.Rf3 g5 33.Rfxd3 Rxd3 34.Rxd3 gxf4 35.Rd4 Rb8 36.gxf4 Ng3 37.Kf2
Nf5 38.Rd7 Nf8 39.Ra7 Ng6 40.Be4 Rd8 41.Bxf5 exf5 42.e6 Rd2+ 43.Ke3 Nh4 44.Ra8+
Kh7 45.Rh8+ Kg6 46.Rg8+ Kh5 47.e7 1-0

[Event "European Seniors Teams Ch."]
[Site "Olympus"]
[Date "2011.05.11"]
[Round "9"]
[Board "3"]
[White "Raicevic, Momcilo"]
[Black "White, Alastair F"]
[Result "1-0"]
[WhiteElo "2364"]
[BlackElo "2102"]
[PlyCount "45"]
[EventDate "2011.05.03"]
[EventType "team"]
[EventRounds "9"]
[EventCountry "GRE"]
[WhiteTeam "Montenegro"]
[BlackTeam "Scotland"]

1.c4 Nf6 2.g3 g6 3.Bg2 Bg7 4.Nc3 O-O 5.e3 e5 6.Nge2 Nc6 7.O-O d6 8.d4 a5 9.h3 h5
10.b3 exd4 11.exd4 Bf5 12.d5 Nb4 13.a3 Bc2 14.Qd2 Bxb3 15.axb4 axb4 16.Rxa8 Qxa8
17.Qb2 Bxc4 18.Qxb4 Qa6 19.Re1 Re8 20.Be3 Re5 21.Bd4 Nxd5 22.Bxd5 Rxe2 23.Nxe2 1-0

[Event "European Seniors Teams Ch."]
[Site "Olympus"]
[Date "2011.05.11"]
[Round "9"]
[Board "4"]
[White "Borwell, Alan P"]
[Black "Dragasevic, Srdja"]
[Result "1/2-1/2"]
[WhiteElo "2056"]
[BlackElo "2266"]
[PlyCount "82"]
[EventDate "2011.05.03"]
[EventType "team"]
[EventRounds "9"]
[EventCountry "GRE"]
[WhiteTeam "Scotland"]
[BlackTeam "Montenegro"]

1.e4 Nf6 2.e5 Nd5 3.d4 d6 4.Nf3 Bg4 5.Be2 c6 6.c4 Nb6 7.Ng5 Bf5 8.e6 fxe6 9.g4
Bg6 10.Bd3 Bxd3 11.Qxd3 N8d7 12.Nxh7 Nf6 13.Ng5 Rh4 14.Nxe6 Qc8 15.Qg6+ Kd7
16.Qf5 Ke8 17.Bg5 Rh8 18.Nd2 Kf7 19.Nf4 Qxf5 20.gxf5 Ng4 21.h4 Nh6 22.Ng6 Rh7
23.Bxh6 gxh6 24.O-O-O Bg7 25.Ne4 Nxc4 26.h5 Nb6 27.Rhe1 Nd5 28.Nc3 Bf6 29.Nxd5
cxd5 30.Kb1 Bg5 31.Re6 Rc8 32.Rde1 Rc7 33.f4 Bf6 34.Rc1 Rxc1+ 35.Kxc1 Ke8 36.Kc2
Bxd4 37.b3 Rf7 38.Kd3 Bf6 39.a4 Kd7 40.Re2 Bg7 41.Re1 Bf6 1/2-1/2

[Event "European Seniors Teams Ch."]
[Site "Olympus"]
[Date "2011.05.11"]
[Round "9"]
[Board "1"]
[White "Rantanen, Yrjo A"]
[Black "Rooze, Jan"]
[Result "0-1"]
[WhiteElo "2373"]
[BlackElo "2333"]
[PlyCount "75"]
[EventDate "2011.05.03"]
[EventType "team"]
[EventRounds "9"]
[EventCountry "GRE"]
[WhiteTeam "Finland 1"]
[BlackTeam "Belgium"]

1.e4 c5 2.Nf3 e6 3.d4 cxd4 4.Nxd4 a6 5.Bd3 Bc5 6.c3 d6 7.O-O Ne7 8.Be3 Nd7 9.Nd2
O-O 10.Kh1 e5 11.Nc2 d5 12.Qe2 Qc7 13.exd5 Nxd5 14.Bxh7+ Kxh7 15.Qd3+ f5 16.Qxd5
f4 17.Bxc5 Nxc5 18.Nb3 Nxb3 19.Qxb3 a5 20.Rfe1 Bf5 21.Na3 f3 22.g3 Rad8 23.Nc4
Be6 24.Re4 Rd2 25.Nxd2 Bxb3 26.axb3 Qd7 27.Nf1 Qd5 28.Rh4+ Kg8 29.b4 Qb3 30.Kg1
Qxb2 31.Rxa5 Rd8 32.Rxe5 Rd1 33.Rd4 Ra1 34.Rd8+ Kh7 35.Rde8 Ra2 36.Rh5+ Kg6
37.Re6+ Kxh5 38.g4+ 0-1

[Event "European Seniors Teams Ch."]
[Site "Olympus"]
[Date "2011.05.11"]
[Round "9"]
[Board "2"]
[White "Van Herck, Marcel"]
[Black "Westerinen, Heikki M J"]
[Result "0-1"]
[WhiteElo "2135"]
[BlackElo "2350"]
[PlyCount "62"]
[EventDate "2011.05.03"]
[EventType "team"]
[EventRounds "9"]
[EventCountry "GRE"]
[WhiteTeam "Belgium"]
[BlackTeam "Finland 1"]

1.e4 e6 2.d4 d5 3.Nc3 Bb4 4.Nge2 dxe4 5.a3 Be7 6.Nxe4 Nf6 7.N2c3 O-O 8.Be2 Nc6
9.Be3 Nxe4 10.Nxe4 f5 11.Nc3 f4 12.d5 fxe3 13.dxc6 exf2+ 14.Kf1 Qe8 15.Bf3 bxc6
16.Ne4 Ba6+ 17.Kxf2 Qh5 18.Qd4 Rad8 19.Qe3 Qe5 20.b4 Bc4 21.Rae1 Bd5 22.Re2 Rf7
23.Ng3 Qxe3+ 24.Kxe3 Bc4 25.Ree1 Bg5+ 26.Kf2 Rd2+ 27.Ne2 Rxc2 28.Kg3 Bd2 29.Rd1
Bxe2 30.Bxe2 Bf4+ 31.Kf3 Bh6+ 0-1

[Event "European Seniors Teams Ch."]
[Site "Olympus"]
[Date "2011.05.11"]
[Round "9"]
[Board "3"]
[White "Hurme, Harri"]
[Black "Schuermans, Robert"]
[Result "0-1"]
[WhiteElo "2277"]
[BlackElo "2085"]
[PlyCount "116"]
[EventDate "2011.05.03"]
[EventType "team"]
[EventRounds "9"]
[EventCountry "GRE"]
[WhiteTeam "Finland 1"]
[BlackTeam "Belgium"]

1.d4 d5 2.c4 Nc6 3.cxd5 Qxd5 4.e3 e5 5.Nc3 Bb4 6.Bd2 Bxc3 7.Bxc3 exd4 8.Ne2 Nf6
9.Nxd4 O-O 10.Nb5 Qg5 11.Nxc7 Bg4 12.Qb3 Rab8 13.h3 Rfc8 14.Qb5 Qh6 15.Nd5 Nxd5
16.Qxd5 Be6 17.Qf3 Rd8 18.Be2 Rd5 19.Bc4 Rf5 20.Qe2 Bxc4 21.Qxc4 b5 22.Qe4 Rg5
23.Rd1 b4 24.Bxb4 Re5 25.Qc4 Qg6 26.Rd6 Qb1+ 27.Rd1 Qg6 28.Kf1 Re4 29.Qd3 Rexb4
30.b3 Qxd3+ 31.Rxd3 Rd8 32.Ke2 Rxd3 33.Kxd3 Kf8 34.Rc1 Rb6 35.Rc5 Ke7 36.e4 Kd6
37.Rd5+ Ke6 38.Kc3 Nb4 39.Ra5 Nc6 40.Rd5 Ne7 41.Ra5 Rc6+ 42.Kd3 Rd6+ 43.Kc3 Nc6
44.Ra6 Kd7 45.a3 Rd1 46.b4 Rb1 47.Kd3 Kc7 48.Kc2 Rf1 49.f3 Kb7 50.b5 Nd4+ 51.Kd3
Nxb5 52.Ra4 Ra1 53.Kc4 a6 54.Kb3 Kb6 55.Kb2 Rg1 56.Rb4 Kc5 57.Kb3 Rb1+ 58.Ka4
Nxa3 0-1